000 00636nam a2200181Ia 4500
003 GCL
008 140319s9999 xx 000 0 ara d
040 _aGCL /
_cGCL
082 0 4 _a031
_bب ك
100 1 _aالمعلم بطرس البستانى
245 1 0 _aكتاب دائرة المعارف : وهو قاموس عام لكل من ومطلب /
_cالمعلم بطرس البستانى
260 _a[S.N] :
_bدار المعارف
300 _a800 ص
490 _aالسلسلة الشعرية الثانية
_v0
650 0 4 _aدوائر المعارف
650 0 4 _aدوائر المعارف العربية
942 _2ddc
_cBK
999 _c47453
_d47453